Hurricane Festival 2023 - Line-Up - Statistiken

Allgemein
  • Dieses Quiz wurde 29 mal gespielt
    25 seit der letzten Aktualisierung
  • Das Durchschnittsergebnis liegt bei 6 aus 85
Antwortstatistiken
Künstler % Korrekt
D Die Ärzte
50%
C Casper
45%
P Peter Fox
41%
K Kraftklub
36%
N Nina Chuba
36%
0 01099
32%
B BHZ
27%
M Marteria
23%
T Trettmann
23%
K Kaffkiez
18%
M Madsen
18%
M Muse
18%
B Billy Talent
14%
B Bosse
14%
C Clueso
14%
D Donots
14%
R RIN
14%
T The 1975
14%
T Two Door Cinema Club
14%
B Badmómzjay
9%
D Dadi Freyr
9%
E Enter Shikari
9%
O Ostblockschlampen
9%
P Placebo
9%
P Provinz
9%
Q Querbeat
9%
T Tash Sultana
9%
Z Zebrahead
9%
Z Zugezogen Maskulin
9%
Z Zum Dorfkrug Live - Der Podcast von Zugezogen Maskulin
9%
A Akne Kid Joe
5%
A Alle Farben
5%
A Alli Neumann
5%
A Antje Schomaker
5%
B Betontod
5%
B Bukahara
5%
C Chvrches
5%
D Domiziana
5%
D Drunken Masters
5%
G Gayle
5%
J James Bay
5%
M Majan
5%
Q Queens of the Stone Age
5%
R Rogers
5%
S Sondaschule
5%
T The Interrupters
5%
T The Lumineers
5%
A Anti-Flag
0%
A Ashnikko
0%
B Beauty School Dropout
0%
B Betterov
0%
C Cavetown
0%
C Charley
0%
C Cloudy June
0%
D Deaf Havanna
0%
D DMA's
0%
D Dylan
0%
E Edwin Rosen
0%
F Fjort
0%
F Fortella
0%
F Frank Turner & The Sleeping Souls
0%
F Funeral for a friend
0%
H Hansemädchen
0%
K Kaleo
0%
K Karo Lynn
0%
K Kelsy Karter & The Heroines
0%
K Kid Kapichi
0%
L Lilly Palmer
0%
L Lionheart
0%
L Lola Marsh
0%
L Loyle Carner
0%
M Mezerg
0%
M My Ugly Clementine
0%
P Palaye Royale
0%
P Pascow
0%
P Picture This
0%
P Power Plush
0%
R Razz
0%
S Sleaford Mods
0%
T Taylor Acorn
0%
T The Amazons
0%
T The Pale Withe
0%
T Tyna
0%
W Wanda
0%
W Will Linley
0%
Keine übereinstimmenden Quizze gefunden
Verteilung der Resultate
Anzahl Personen mit jedem Resultat
Perzentil nach korrekt beantworteten Fragen
Ihre Resultats-Entwicklung
Sie haben dieses Quiz seit der letzten Aktualisierung nicht gespielt